Research methods in politics (Record no. 8179)

MARC details
000 -LEADER
fixed length control field 00706nam a22002297a 4500
003 - CONTROL NUMBER IDENTIFIER
control field OSt
005 - DATE AND TIME OF LATEST TRANSACTION
control field 20260203035800.0
008 - FIXED-LENGTH DATA ELEMENTS--GENERAL INFORMATION
fixed length control field 260203b |||||||| |||| 00| 0 eng d
020 ## - INTERNATIONAL STANDARD BOOK NUMBER
International Standard Book Number 0-333-96254-0
040 ## - CATALOGING SOURCE
Original cataloging agency DWC-Main Lib
Transcribing agency OC
082 ## - DEWEY DECIMAL CLASSIFICATION NUMBER
Classification number Circ. 320.072 R432 2004
100 ## - MAIN ENTRY--PERSONAL NAME
Personal name Burnham, P.
245 ## - TITLE STATEMENT
Title Research methods in politics
Statement of responsibility, etc. Burnham, P.
260 ## - PUBLICATION, DISTRIBUTION, ETC.
Place of publication, distribution, etc. New York:
Name of publisher, distributor, etc. Palgrave Macmillan,
Date of publication, distribution, etc. c2004
300 ## - PHYSICAL DESCRIPTION
Extent x, 308 pages ;
Dimensions 23 cm.
504 ## - BIBLIOGRAPHY, ETC. NOTE
Bibliography, etc. note Includes reference and index
650 ## - SUBJECT ADDED ENTRY--TOPICAL TERM
Topical term or geographic name entry element 1. Political Science
700 ## - ADDED ENTRY--PERSONAL NAME
Personal name Gilland, K.
700 ## - ADDED ENTRY--PERSONAL NAME
Personal name Grant, W.
700 ## - ADDED ENTRY--PERSONAL NAME
Personal name Layton-Henry, Z.
942 ## - ADDED ENTRY ELEMENTS (KOHA)
Source of classification or shelving scheme Dewey Decimal Classification
Koha item type Book Circulation
Classification part Circ. 320.072 R432 2004
Call number prefix Circ.
Suppress in OPAC No
952 ## - LOCATION AND ITEM INFORMATION (KOHA)
--
Holdings
Withdrawn status Lost status Source of classification or shelving scheme Damaged status Not for loan Home library Current library Shelving location Date acquired Source of acquisition Total Checkouts Full call number Barcode Date last seen Copy number Price effective from Koha item type Uniform Resource Identifier
    Dewey Decimal Classification     College Library College Library Circulation 06/11/2005 School Fund   Circ. 320.072 R432 2004 CL42066 02/03/2026 c1 02/03/2026 BK-CIRC